000 00322nam a22001337a 4500
082 _a823
_bSAR/S
100 _aSARAN, RANU
245 _aSUBHASH CHANDRA BOSE
246 _aSUBHASH CHANDRA BOSE
_bSUBHASH CHANDRA BOSE
260 _aNEW DELHI, INDIA
_bJUNIOR DIAMOND
300 _a22
650 _aENGLISH STORY
942 _cBK
999 _c8695
_d8695